| 000 | 00557nam a2200181Ia 4500 | ||
|---|---|---|---|
| 008 | 151018s9999 xx 000 0 und d | ||
| 082 |
_bRBASDV21524 _a891.463 |
||
| 100 | _aअरुण वागल | ||
| 245 | _aस्वप्नगंधा | ||
| 250 | _b1 | ||
| 260 |
_bप्रिया प्रकाशन मुंबई _c1983 |
||
| 300 | _a148 | ||
| 600 | _aअरुण वागल | ||
| 630 | _aस्वप्नगंधा | ||
| 700 | _aअरुण वागल | ||
| 730 | _aस्वप्नगंधा | ||
| 942 | _cBOOK | ||
| 999 |
_c1021204 _d1021201 |
||